书目信息 |
| 题名: |
沃尔玛:我们与众不同
|
|
| 作者: | 赵文明 , 赵文明 编著 | |
| 分册: | ||
| 出版信息: | 北京 中华工商联合出版社 2004 |
|
| 页数: | 149页 | |
| 开本: | 21cm | |
| 丛书名: | 百家企业文化工程丛书 | |
| 单 册: | ||
| 中图分类: | F737.124.2 | |
| 科图分类: | ||
| 主题词: | 企业文化 , 连锁商店 , 零售商业 , 零售商业--连锁商店--企业文化--美国 | |
| 电子资源: | ||
| ISBN: | 7-80193-051-7 | |
| 000 | 01419nam0 2200397 450 | |
| 000 | 01384nam0 2200385 450 | |
| 000 | 01347nam0 2200373 450 | |
| 000 | 01257nam0 2200361 450 | |
| 000 | 01220nam0 2200349 450 | |
| 000 | 01153oam2 2200325 450 | |
| 001 | 0104000024 | |
| 005 | 20061017095813.37 | |
| 010 | @a7-80193-051-7@dCNY22.80 | |
| 100 | @a20051124d2004 em y0chiy0110 ea | |
| 101 | 0 | @achi |
| 102 | @aCN@b110000 | |
| 105 | @ay z 000yy | |
| 200 | 1 | @a沃尔玛:我们与众不同@Awo er ma:wo men yu zhong bu tong@f赵文明编著@Fzhao wen ming bian zhu |
| 210 | @a北京@c中华工商联合出版社@d2004 | |
| 215 | @a149页@d21cm | |
| 225 | 2 | @a百家企业文化工程丛书@e华新世纪管理文库@v2 |
| 308 | @a丛书第一辑 | |
| 330 | @a本书介绍近半个世纪前这家由小镇小店铺起家的超级世界五百强企业的成功诀窍,通过翔实的个案调查,解析其决策人在平凡中崛起的执行理念、运作战略与实践等。 | |
| 461 | 0 | @12001 @a百家企业文化工程丛书@e华新世纪管理文库@v2 |
| 512 | 1 | @a我们与众不同沃尔玛@9wo men yu zhong bu tong wo er ma |
| 606 | 0 | @a企业文化 |
| 606 | 0 | @a连锁商店 |
| 606 | 0 | @a零售商业 |
| 606 | 0 | @a零售商业@x连锁商店@x企业文化@y美国 |
| 690 | @aF737.124.2@v4 | |
| 701 | 0 | @a赵文明@9zhao wen ming@4编著 |
| 701 | 0 | @a赵文明@Azhao wen ming@4编著 |
| 801 | 0 | @aCN@b北京荣雅伟业图书经销中心@c20061017 |
| 905 | @aBZT@dF737.124.2@e4 | |
| 906 | @dCNY22.80@n0@r1 | |
| 沃尔玛:我们与众不同/赵文明编著.-北京:中华工商联合出版社,2004 |
| 149页;21cm.-(百家企业文化工程丛书:华新世纪管理文库;2) |
| ISBN 7-80193-051-7:CNY22.80 |
| 本书介绍近半个世纪前这家由小镇小店铺起家的超级世界五百强企业的成功诀窍,通过翔实的个案调查,解析其决策人在平凡中崛起的执行理念、运作战略与实践等。 |
| ● |
| 相关链接 |
|
|
|
正题名:沃尔玛:我们与众不同
索取号:F737.124.2/4
 
预约/预借
| 序号 | 登录号 | 条形码 | 馆藏地/架位号 | 状态 | 备注 |
| 1 | 504236 | 230071371 | 中心书库北库/ 北库037架B面2列1层13/ [索取号:F737.124.2/4] | 在馆 | |
| 2 | 504237 | 230071372 | 中心书库北库/ 北库037架B面2列1层12/ [索取号:F737.124.2/4] | 在馆 | |
| 3 | 504238 | 230071373 | 中心书库北库/ 北库037架B面2列1层1/ [索取号:F737.124.2/4] | 在馆 | |
| 4 | 504239 | 230071374 | 中心书库北库/ 北库037架B面2列1层16/ [索取号:F737.124.2/4] | 在馆 | |
| 5 | 504240 | 230071375 | 中心书库北库/ 北库037架B面2列1层15/ [索取号:F737.124.2/4] | 在馆 |